|
|
แสดงรายละเอียดบรรณานุกรม |
|
|
Brief Record
: Get Marc (ISO 2709)
: E-mail record
: |
| LEADER 00000nama 2200000uu 4500 | |||
| 001 179621 | |||
| 003 ULIBM | |||
| 008 040531s2536 th m m a000 0 tha d | |||
| 020 974-887-421-4 | |||
| 041 tha | |||
| 050 WY100 ค695 2536 | |||
| 245 คู่มือการวินิจฉัยทางการพยาบาล/สิริมาศ มุตตาพระ...[และคนอื่นๆ],บรรณาธิการ 001 | |||
| 250 2 | |||
| 260 กรุงเทพฯ โรงพิมพ์ดอกเบี้ย 2536 | |||
| 300 204 หน้า | |||
| 650 การวินิจฉัยการพยาบาล กระบวนการพยาบาลสิริมาศ มุตตาพระ,บรรณาธิการชื่อเรื่อง | |||
| 998 1998-11-17 | |||
| คุณยังไม่ได้ล็อกอิน คุณสามารถมีกิจกรรมร่วมกับเว็บไซต์ได้ แต่ต้องล็อกอินก่อน :: |
|
| สถานะ | |||||||||
| 1. | หนังสือทั่วไป | WY100 ค695 2536 | On Shelf ขอยืม | ||||||
| 2. | หนังสือทั่วไป | WY100 ค695 2536 | On Shelf ขอยืม | ||||||
| 3. | หนังสือทั่วไป | WY100 ค695 2536 | On Shelf ขอยืม | ||||||
| 4. | หนังสือทั่วไป | WY100 ค695 2536 | On Shelf ขอยืม | ||||||
| 5. | หนังสือทั่วไป | WY100 ค695 2536 | On Shelf ขอยืม | ||||||
| 6. | หนังสือทั่วไป | WY100 ค695 2536 | On Shelf ขอยืม | ||||||
| 7. | หนังสือทั่วไป | WY100 ค695 2536 | On Shelf ขอยืม | ||||||
| 8. | หนังสือทั่วไป | WY100 ค695 2536 | On Shelf ขอยืม | ||||||
| 9. | หนังสือทั่วไป | WY100 ค695 2536 | On Shelf ขอยืม | ||||||
| 10. | หนังสือทั่วไป | WY100 ค695 2536 | On Shelf ขอยืม | ||||||
| [แสดง 10/10 รายการ] | |||||||||
BibComment |
| คอมเมนท์ทรัพยากรรายการนี้ |
|
|